00636nam a2200181Ia 4500008004100000041000800041082001500049100002600064245003000090250001200120260003700132300000800169365001600177700002600193906005400219999001900273952016200292230718s9999 xx 000 0 und d aeng a523.1bNAR aNarlikar J.V.9121113 aIntroduction To Cosmology a3rd Ed. c2010bCambridge University Press a541 cRs.b495.00 aNarlikar J.V.9121113 dO:0136510-Dec-2010B:630622-Nov-2010cCOMPb123.75 c326580d326580 00104070aCCEPbCCEPd2010-12-10eTbsfCOMPg371.25i6306l3o523.1pCCEP-BK-37787r2025-12-06 12:04:00s2025-11-12t123.75v495.00w2010-11-22yBKz037787